| 000 | 01019cad a22002175a 4500 | ||
|---|---|---|---|
| 001 | L147995 | ||
| 008 | 090713s20090707xxk f 000 0 eng d | ||
| 035 | _a(Sirsi) u147995 | ||
| 041 | 0 | _aeng | |
| 110 | 2 |
_aUnited Kingdom _bDepartment for Communities and Local Government _94939 |
|
| 245 | 0 | 0 |
_aTop architects and housing experts to think up age friendly homes of the future _h[electronic resource] |
| 260 | _c2009 | ||
| 490 | 0 |
_aDCLG News Release _v7 July 2009 |
|
| 520 | _aAnnounces the launch of an Innovation Panel to ensure future new built houses meet the needs of the elderly population. The panel includes top architects and housing experts. Presents list of names of the Innovation Panel's members. | ||
| 521 | _aAdvanced | ||
| 590 | _aKA NTK | ||
| 651 | 4 |
_aEngland _y886- |
|
| 690 | _aPROPERTY-RESIDENTIAL PROPERTY-DOMESTIC RESIDENTIAL PROPERTY-HOUSING | ||
| 856 | 4 | 0 |
_uhttps://www.communities.gov.uk/news/housing/1275776 _zView the news release free of charge at www.communities.gov.uk... |
| 942 | _n0 | ||
| 999 |
_c109830 _d109830 |
||